Santa comes to Cambodia / (Record no. 9981)

MARC details
000 -LEADER
fixed length control field 01303nam a22002897a 4500
001 - CONTROL NUMBER
control field 9981
003 - CONTROL NUMBER IDENTIFIER
control field FISKH
005 - DATE AND TIME OF LATEST TRANSACTION
control field 20260423082026.0
008 - FIXED-LENGTH DATA ELEMENTS--GENERAL INFORMATION
fixed length control field 260323b cb ||||| |||| 00| 0 eng d
020 ## - INTERNATIONAL STANDARD BOOK NUMBER
International Standard Book Number 9798988191216
040 ## - CATALOGING SOURCE
Original cataloging agency FISKH
Language of cataloging eng
Transcribing agency FISKH
Modifying agency FISKH
050 ## - LIBRARY OF CONGRESS CALL NUMBER
Classification number PZ7
082 ## - DEWEY DECIMAL CLASSIFICATION NUMBER
Classification number 813
100 ## - MAIN ENTRY--PERSONAL NAME
Personal name Orndorff, Breanne
Relator term Author
245 ## - TITLE STATEMENT
Title Santa comes to Cambodia /
Statement of responsibility, etc. Written by Breanne Orndorff ; illustrated by Diobhas
260 ## - PUBLICATION, DISTRIBUTION, ETC.
Name of publisher, distributor, etc. Breanne Orndorff ,
Date of publication, distribution, etc. 2024
300 ## - PHYSICAL DESCRIPTION
Extent 30 unnumbered pages :
Other physical details color illustrations ;
Dimensions 20 x 26 cm
505 ## - FORMATTED CONTENTS NOTE
Formatted contents note N<br/>
520 ## - SUMMARY, ETC.
Summary, etc. When Santa's sleigh crash-lands in Phnom Penh, Cambodia, an ingenious boy comes up with a plan to help Santa navigate the beautiful country and save Christmas! Join them on their adventure with stops including a boat ride to the islands, a moto ride around Angkor Wat, a rickshaw drive through the mangroves in Kampot, and a return to Phnom Penh on a cyclo where Santa's sleigh is repaired and ready for its next stop in Southeast Asia. Experience a memorable night full of fun and surprises.
521 8# - TARGET AUDIENCE NOTE
Target audience note 550<br/>
Source Lexile estimate<br/>
521 8# - TARGET AUDIENCE NOTE
Target audience note N<br/>
Source Raz-Plus<br/>
650 ## - SUBJECT ADDED ENTRY--TOPICAL TERM
Topical term or geographic name entry element Christmas
Form subdivision Cambodia
650 ## - SUBJECT ADDED ENTRY--TOPICAL TERM
Topical term or geographic name entry element Culture
Form subdivision Holiday stories
700 ## - ADDED ENTRY--PERSONAL NAME
Personal name Diobhas
Relator term Illustrator
942 ## - ADDED ENTRY ELEMENTS (KOHA)
Source of classification or shelving scheme Dewey Decimal Classification
Koha item type Books
Suppress in OPAC No
Holdings
Withdrawn status Lost status Source of classification or shelving scheme Damaged status Not for loan Collection Home library Current library Shelving location Date acquired Total Checkouts Full call number Barcode Date due Date last seen Date last checked out Copy number Price effective from Koha item type
    Dewey Decimal Classification     Juvenile Fiction Footprints International School Library Network Toul Kork Campus Footprints International School Library Network Toul Kork Campus TK Primary Library Room(4th Floor), Bookcase 3&4, Shelves 17-32, Yellow Books 03/27/2026   ORN 813 PZ7 2026-0396   03/27/2026   2 03/27/2026 Books
    Dewey Decimal Classification     Juvenile Fiction Footprints International School Library Network Toul Kork Campus Footprints International School Library Network Toul Kork Campus TK Primary Library Room(4th Floor), Bookcase 3&4, Shelves 17-32, Yellow Books 04/22/2026   ORN 813 PZ7 2026-0514   04/22/2026   3 04/22/2026 Books
    Dewey Decimal Classification     Juvenile Fiction Footprints International School Library Network Toul Tom Poung Campus Footprints International School Library Network Toul Tom Poung Campus TTP Primary Yellow Bookshelves 03/23/2026 1 ORN 813 PZ7 2026-0363 04/10/2026 03/27/2026 03/27/2026 1 03/23/2026 Books
    Dewey Decimal Classification     Juvenile Fiction Footprints International School Library Network Toul Tom Poung Campus Footprints International School Library Network Toul Tom Poung Campus TTP Primary Yellow Bookshelves 04/23/2026   ORN 813 PZ7 2026-0530   04/23/2026   4 04/23/2026 Books